[Event "Vimercate op 5th"]
[Site "Vimercate"]
[Date "2011.11.25"]
[Round "1"]
[White "Bosi, Gianfranco"]
[Black "Coppola, Federico"]
[Result "0-1"]
[WhiteElo "1499"]
[BlackElo "1858"]
[PlyCount "88"]
[EventDate "2011.11.25"]
[EventType "swiss"]
[EventRounds "5"]
[EventCountry "ITA"]
[SourceTitle "EXT 2014"]
[Source "ChessBase"]
[SourceDate "2013.11.20"]
[SourceVersion "1"]
[SourceVersionDate "2013.11.20"]
[SourceQuality "1"]

1. e4 c5 2. Nf3 d6 3. d4 cxd4 4. Qxd4 Nc6 5. Bb5 Bd7 6. Bxc6 Bxc6 7. Nc3 Nf6 8. Bg5 h6 9. Bh4 g5 10. Bg3 Bg7 11. 0-0-0 Nh5 12. Qd3 Qa5 13. Nd4 Rc8 14. Rhe1 a6 15. Nb3 Qc7 16. Nd5 Bxd5 17. exd5 a5 18. c3 Nxg3 19. hxg3 a4 20. Nd4 a3 21. Nb5 axb2+ 22. Kxb2 Qb6 23. Ka1 0-0 24. Rb1 Qxf2 25. Rxe7 Ra8 26. Rb2 Qc5 27. Rxb7 Rfe8 28. Rd7 Re1+ 29. Rb1 Qxb5 30. Qxb5 Bxc3+ 31. Qb2 Bxb2+ 32. Kxb2 Rb8+ 33. Kc3 Rexb1 34. Rxd6 R1b6 35. Rd7 Kf8 36. Ra7 Rd8 37. Kc4 Rb1 38. Ra5 Rc1+ 39. Kd4 Rd1+ 40. Ke5 f6+ 41. Kxf6 R1xd5 42. Ra6 R8d6+ 43. Rxd6 Rxd6+ 44. Kf5 Kf7 0-1